Vista normal Vista MARC
  • Blandón Otárola, Tatiana

Entrada Personal Name

Número de registros utilizados en: 1

001 - CONTROL NUMBER

  • control field: 10964

003 - CONTROL NUMBER IDENTIFIER

  • control field: OSt

005 - DATE AND TIME OF LATEST TRANSACTION

  • control field: 20160606095043.0

008 - FIXED-LENGTH DATA ELEMENTS

  • fixed length control field: 160606|| aca||aabn | a|a d

040 ## - CATALOGING SOURCE

  • Original cataloging agency: OSt
  • Transcribing agency: OSt

100 ## - HEADING--PERSONAL NAME

  • Personal name: Blandón Otárola, Tatiana

670 ## - SOURCE DATA FOUND

  • Source citation: Work cat.: (OSt): Blandón Otárola, Tatiana, Introducción a los primeros auxilios, 2016